| 000 | 02164nam a22002897a 4500 | ||
|---|---|---|---|
| 003 | NALT | ||
| 005 | 20250611095532.0 | ||
| 008 | 230906b th ||||| |||| 00| 0 tha d | ||
| 020 | _a9786164770041 | ||
| 040 | _aNALT | ||
| 050 |
_aHD 62.15 _bอ631อ 2562 |
||
| 100 | 0 |
_aอาภรณ์ ภู่วิทยพันธุ์. _924211 |
|
| 245 | 1 | 4 |
_aObjective and Key Results OKRs เครื่องมือการบริหารที่ได้ "ใจ" และได้ "งาน" / _cอาภรณ์ ภู่วิทยพันธุ์. |
| 250 | _aพิมพ์ครั้งที่ 1. | ||
| 260 |
_aกรุงเทพฯ : _bเอช อาร์ เซ็นเตอร์, _c2562. |
||
| 300 |
_a190 หน้า : _bตาราง ; _c21 ซม. |
||
| 505 | 2 | _aทำความรู้จักเครื่องมือต่าง ๆ ในการบริหารผลงาน -- ความเป็นมาและลักษณะของ OKRs -- OKRs จะนำมาใช้แทน KPls หรือไม่ -- ทางเลือกในการนำ OKRs มาใช้ในองค์การ -- ประเมินความพร้อมก่อนนำ OKRs มาใช้ในองค์การ -- แนวทางการกำหนด OKRs -- แนวทางการติดตามและประเมินความสำเร็จของ OKRs -- การนำ OKRs ไปใช้ให้เกิดประสิทธิภาพ. | |
| 650 | 0 |
_916668 _aการบริหารคุณภาพโดยรวม |
|
| 650 | 4 |
_943946 _aการบริหารโดยยึดวัตถุประสงค์ |
|
| 650 | 4 |
_915767 _aการพัฒนาองค์การ |
|
| 650 | 4 |
_922015 _aการบริหารองค์การ |
|
| 650 | 4 |
_95506 _aการวางแผนเชิงกลยุทธ์ |
|
| 850 | _aNALT | ||
| 942 |
_2lcc _cGB |
||
| 996 |
_akornsiririn.r _bCATSTF _c2023-09-06 |
||
| 999 |
_c103060 _d103060 |
||
| 998 |
_j1030 _k นางสาวจิดาภา ทับเกษมปิติโสภา |
||